00789nam a2200241 a 4500001001300000003000900013005001700022008004100039020001000080082001600090100001800106245010300124260004700227300000900274500003500283650002200318650004000340700001800380902000800398942000700406952011700413999001700530nice12345678IN_TiNIC20260116013850.0070705s1995 wasa grp 000 0 eng  ac60000a297.55bYAM aYamba, C Bawa aPermanent Pilagrimsb The Lives of Role of Pilgrimage in the Lives of West African Muslim in Sudan aWashingtonbSmithsonioan Institutionc1995 a237p aincludes index and biblioraphy aIslam-West Africa aMuslim Pilgrims and Pilgrimage-West1 aYamba, C Bawa bSRS cBK 001040708StackRoom-aHMIbHMId2007-07-05g600.00l0o297.55 YAMp019340r2007-07-05v600.00w2007-07-05yBK c12854d12854